000 00525nam a2200181Ia 4500
005 20250326125615.0
008 250326s9999 xx 000 0 und d
037 _aTextbook
040 _aFMSL
_beng
_cFMSL
041 _aeng
_2eng
084 _aX9B:8 L7
_qFMSL
100 _aGanguli S
_947767
245 0 _aManagement guide for small entrepreneurs
_cGanguli S; Guha S C And Others
260 _aCalcutta
_bCalcutta, Kwality Book
_c1977
300 _a95p
942 _cTB
_hX9B:8 L7
999 _c1278778
_d1278778